Hệ thống kế toán doanh nghiệp : ( sửa đổi bổ sung )
Sách hướng dẫn về chứng từ kế toán, sổ sách kế toán, tài khoản kế toán và báo cáo tài chính trong hệ thống kế toán doanh nghiệp mới
সংরক্ষণ করুন:
| বিন্যাস: | গ্রন্থ |
|---|---|
| ভাষা: | Undetermined |
| প্রকাশিত: |
Hà Nội
Tài Chính
1997
|
| বিষয়গুলি: | |
| ট্যাগগুলো: |
ট্যাগ যুক্ত করুন
কোনো ট্যাগ নেই, প্রথমজন হিসাবে ট্যাগ করুন!
|
| Thư viện lưu trữ: | Trung tâm Học liệu Trường Đại học Cần Thơ |
|---|
| LEADER | 00739nam a2200181Ia 4500 | ||
|---|---|---|---|
| 001 | CTU_153762 | ||
| 008 | 210402s9999 xx 000 0 und d | ||
| 082 | |a 657 | ||
| 082 | |b H250 | ||
| 245 | 0 | |a Hệ thống kế toán doanh nghiệp : | |
| 245 | 0 | |b ( sửa đổi bổ sung ) | |
| 260 | |a Hà Nội | ||
| 260 | |b Tài Chính | ||
| 260 | |c 1997 | ||
| 520 | |a Sách hướng dẫn về chứng từ kế toán, sổ sách kế toán, tài khoản kế toán và báo cáo tài chính trong hệ thống kế toán doanh nghiệp mới | ||
| 650 | |a Managerial accounting,Quản lí kế toán | ||
| 904 | |i QHieu | ||
| 980 | |a Trung tâm Học liệu Trường Đại học Cần Thơ | ||